| 000 | 00325nam a22001097a 4500 | ||
|---|---|---|---|
| 008 | 160505b xxu||||| |||| 00| 0 eng d | ||
| 020 | _a0070708908 | ||
| 041 | _aeng | ||
| 080 | _a61 | ||
| 245 |
_aHarrisons principles of internal medicine: _cJean D.Wilson M.D.; Eugene Braunwald A. B.;Kurt J.Isselbacher A. B.; |
||
| 942 |
_2udc _cBK |
||
| 999 |
_c1826 _d1826 |
||